000 00838nam a22002297a 4500
003 UA-OsUOA
001 48603
007 ta
008 20130607b un ||||| |||| 00| 0 ukr d
090 _a082/902
_bТ67
942 _cBK
040 _aUA-OsUOA
_bukr
_cUA-OsUOA
_dUA-OsUOA
245 _aТрипільська культура. Пошуки. Відкриття. Світовий контекст (До 100-річчя від дня народження О. Ольжича): Збірка наукових праць
300 _a168 с.
955 _a1
041 _aukr
080 _a082/902
260 _aК.
_bСпадщина
_c2007
650 7 _a08 Видання. Колективні праці
_2UDC
999 _c428731
_d428731